000 00295nam a22000977a 4500
005 20250901165447.0
008 210406b ||||| |||| 00| 0 eng d
050 _aHD30.22 .M34 2005
245 _aStudy guide managerial economics
_bapplications, strategy, and tactics
_cMCGUIGAN, JAMES R.
942 _2lcc
999 _c4325
_d4325